A study of the ancient Chinese scripts on bamboo strips and silk unearthed in China during the 1970s /
Saved in:
| Main Author: | |
|---|---|
| Format: | Thesis Book |
| Language: | English |
| Published: |
1988
|
| Subjects: | |
| Tags: |
Add Tag
No Tags, Be the first to tag this record!
|
| LEADER | 01055cam a2200265 a 4500 | ||
|---|---|---|---|
| 001 | u85183 | ||
| 003 | SIRSI | ||
| 008 | 900301s1988 my at 00 eng m | ||
| 035 | |a AAJ-2608 | ||
| 040 | |a UMM | ||
| 090 | |a Z6605 |b C5Tan | ||
| 091 | 0 | 0 | |a Microfilm 2425 |
| 100 | 1 | 0 | |a Tan, Ooi Chee. |
| 245 | 1 | 2 | |a A study of the ancient Chinese scripts on bamboo strips and silk unearthed in China during the 1970s / |c by Tan Ooi Chee |
| 260 | |c 1988 | ||
| 500 | |a Also available on microfilm. Kuala Lumpur : Perpustakaan Universiti Malaya, 1996. 1 reel : negative. | ||
| 500 | |a Refer Microfilm 2409 | ||
| 502 | |a Thesis (Ph.D.) -- Jabatan Pengajian Tionghoa, Fakulti Sastera dan Sains Sosial, Universiti Malaya, 1988 | ||
| 650 | 0 | |a Manuscripts, Chinese |z China | |
| 650 | 0 | |a Chinese literature |x History and criticism | |
| 651 | 0 | |a China |x History | |
| 710 | 2 | |a Universiti Malaya. |b Jabatan Pengajian Tionghoa. | |
| 948 | |a 17/03/1991 |b 23/07/2002 | ||
| 596 | |a 1 | ||
| 999 | |a Z6605 C5TAN [F] |w LC |c 1 |i A010685753 |d 28/8/2009 |e 28/8/2009 |l STACKS |m P01UTAMA |n 1 |r Y |s Y |t TESIS |u 20/2/1992 | ||
